| 000 | 005140000a22002050004500 | ||
|---|---|---|---|
| 003 | LK-CoMWRAF | ||
| 005 | 20230902125144.0 | ||
| 008 | 230817t1996 ||||| |||| 00| 0 eng d | ||
| 040 |
_aLK-CoMWRAF _dLK-CoMWRAF _eLK-CoMWRAF |
||
| 041 | _aeng | ||
| 082 |
_a340.5 _bTAM |
||
| 100 | _aTambiah, H.W. | ||
| 245 | _aMuslim law in Sri Lanka | ||
| 260 |
_aColombo: _b[Author], _c[1996] |
||
| 300 | _a105 p. | ||
| 650 | _aMUSLIMS-Sri Lanka | ||
| 650 | _aMUSLIM LAWS-Sri Lanka | ||
| 700 | _aMarkhani, M. | ||
| 942 | _cBK | ||
| 999 |
_c2514 _d2514 |
||